00848nam a2200229 a 450000500170000000800410001702000180005805000210007610000160009724500510011325000120016426000470017630000230022352001200024665000350036665000210040165000170042265000200043965000260045999900190048595201140050420140412111319.0000821s19uu xx 00 eng d a0-316-23653-5 aTR(PS EbGo 1992 aEmberly, Ed aGo away, big green monster! /cby Ed Emberley. a1st Ed. aBoston :bLittle Brown and Company,c1992. a1 v. (unp.) ; ill. aDie-cut pages through which bits of a monster are revealed are designed to help a child nightime fears of monsters. aToy and movable books-Specimen aMonsters-Fiction aFear-Fiction aBedtime-Fiction aToy and movable books c104315d104315 00104050aELbELcTRd2000-08-21eLib. Fundl0oTR(PS E Go 1992pE7349r2014-04-12 00:00:00w2014-04-12yBK